|
|
|
|
| LEADER |
00000cam a2200000 a 4500 |
| 001 |
vtls010211500 |
| 003 |
SK-MaSNL |
| 005 |
20260301131718.0 |
| 008 |
240315s2010 xo ao crp 000 0 hun |
| 015 |
|
|
|a SNBA2011/04-020560
|
| 020 |
|
|
|a 9788010020317
|q (brož.)
|
| 035 |
|
|
|a 4028BD45-8563-4AD7-B6A3-FF73AE876353
|
| 035 |
|
|
|a urn:nbn:sk:snk-amjx9j
|
| 035 |
|
|
|a urn:nbn:sk:snk-am0080uu
|
| 040 |
|
|
|a SNK
|b slo
|c SNK
|e AACR2
|
| 041 |
1 |
|
|a hun
|h slo
|
| 044 |
|
|
|a xo
|c SK
|
| 072 |
|
7 |
|a 51
|x Matematika
|2 konspekt
|
| 072 |
|
7 |
|a 37.016
|x Učebné osnovy. Vyučovacie predmety. Učebnice
|2 konspekt
|
| 080 |
|
|
|a 51
|2 2001
|
| 080 |
|
|
|a (076.1)
|2 2001
|
| 080 |
|
|
|a (075.2)
|2 2001
|
| 100 |
1 |
|
|a Melišková, Lýdia
|4 aut
|9 178157
|
| 245 |
1 |
0 |
|a Matematika a speciális alapiskola 8. osztálya számára
|p Munkafüzet
|c [Lýdia Melišková ; fordította: Judita Hollá ; illusztrálta: Igor Imro, Jaroslav Melišek]
|
| 246 |
1 |
1 |
|a Matematika pre 8. ročník špeciálnych základných škôl s vyučovacím jazykom maďarským
|
| 246 |
3 |
0 |
|a Munkafüzet
|
| 250 |
|
|
|a 2. kiad.
|
| 260 |
|
|
|a Bratislava
|b Slovenské pedagogické nakladateľstvo
|c 2010
|
| 300 |
|
|
|a 64 s., IV s. sch. príl.
|b fareb. ilustr.
|c 29 cm
|
| 650 |
0 |
7 |
|a matematika
|2 SNKPH
|9 70174
|
| 650 |
0 |
7 |
|a Mathematics
|2 SNKPHeng
|9 265620
|
| 655 |
|
7 |
|a pracovné zošity
|2 SNKPH
|9 70188
|
| 655 |
|
7 |
|a učebnice špeciálnych základných škôl
|2 SNKPH
|9 70204
|
| 655 |
|
7 |
|a Activity books
|2 SNKPHeng
|9 302885
|
| 655 |
|
7 |
|a Textbooks (elementary)
|2 SNKPHeng
|9 276977
|
| 700 |
1 |
|
|a Imro, Igor,
|d 1943-
|4 ill
|9 86339
|
| 700 |
1 |
|
|a Melišek, Jaroslav
|4 ill
|9 69758
|
| 919 |
|
|
|a 978-80-10-02031-7
|
| 958 |
|
|
|a OP
|
| 958 |
|
|
|a HU
|
| 958 |
|
|
|a NM
|
| 968 |
|
|
|a Mag
|b SLO
|d 37
|
| 999 |
|
|
|c 748890
|d 750820
|
| 952 |
|
|
|a SNK
|b SNK
|y PREZ
|7 0
|p 17A0690581
|o snkSB 81076
|i snk2011/5381
|8 0
|0 0
|1 0
|4 0
|d 2011-03-10
|f 1
|l 0
|r 2025-05-05 00:00:00
|w 2026-02-23
|
| 952 |
|
|
|a SNK
|b SNK
|y VYP
|7 0
|p 17A0690580
|o snkSB 81076 D1
|i snk2011/5382
|8 0
|0 0
|1 0
|4 0
|d 2011-03-10
|l 0
|r 2016-06-30 00:00:00
|w 2026-02-23
|